Software architecture: (Record no. 5588)

MARC details
000 -LEADER
fixed length control field 00721nam a22002297a 4500
003 - CONTROL NUMBER IDENTIFIER
control field OSt
005 - DATE AND TIME OF LATEST TRANSACTION
control field 20220107122825.0
008 - FIXED-LENGTH DATA ELEMENTS--GENERAL INFORMATION
fixed length control field 170529b xxu||||| |||| 00| 0 eng d
020 ## - INTERNATIONAL STANDARD BOOK NUMBER
International Standard Book Number 9780470167748
040 ## - CATALOGING SOURCE
Transcribing agency IIITMK
082 ## - DEWEY DECIMAL CLASSIFICATION NUMBER
Classification number 005.12 TAY/S; 2
100 ## - MAIN ENTRY--PERSONAL NAME
Personal name Taylor, Richard N.
9 (RLIN) 11630
245 ## - TITLE STATEMENT
Title Software architecture:
Remainder of title Foundations, theory and practice
Statement of responsibility, etc. Richard n. Taylor, Nenad Medvidovic, Eric M. Dashofy
260 ## - PUBLICATION, DISTRIBUTION, ETC.
Place of publication, distribution, etc. USA,
Name of publisher, distributor, etc. John Wiley and Sons,
Date of publication, distribution, etc. 2010.
300 ## - PHYSICAL DESCRIPTION
Extent xxiv, 712p.
650 ## - SUBJECT ADDED ENTRY--TOPICAL TERM
Topical term or geographic name entry element COMPUTER SCIENCE
9 (RLIN) 11631
650 ## - SUBJECT ADDED ENTRY--TOPICAL TERM
Topical term or geographic name entry element COMPUTER ARCHITECTURE
9 (RLIN) 11632
650 ## - SUBJECT ADDED ENTRY--TOPICAL TERM
Topical term or geographic name entry element SOFTWARE ARCHITECTURE
9 (RLIN) 11633
700 ## - ADDED ENTRY--PERSONAL NAME
Personal name Medvidovic, Nenad
9 (RLIN) 11634
700 ## - ADDED ENTRY--PERSONAL NAME
Personal name Dashofy, Eric M.
9 (RLIN) 11635
942 ## - ADDED ENTRY ELEMENTS (KOHA)
Source of classification or shelving scheme Dewey Decimal Classification
Koha item type Books
Holdings
Withdrawn status Lost status Source of classification or shelving scheme Damaged status Not for loan Collection code Home library Current library Shelving location Date acquired Total Checkouts Full call number Barcode Date last seen Price effective from Koha item type
    Dewey Decimal Classification       Kerala University of Digital Sciences, Innovation and Technology Knowledge Centre Kerala University of Digital Sciences, Innovation and Technology Knowledge Centre Computer Science 29/05/2017   005.12 TAY/S; 2 4761 03/12/2020 29/05/2017 Books